<?xml version="1.0" encoding="UTF-8"?>
<record
    xmlns:xsi="http://www.w3.org/2001/XMLSchema-instance"
    xsi:schemaLocation="http://www.loc.gov/MARC21/slim http://www.loc.gov/standards/marcxml/schema/MARC21slim.xsd"
    xmlns="http://www.loc.gov/MARC21/slim">

  <leader>00795nam a2200157Ia 4500</leader>
  <controlfield tag="005">20240530033133.0</controlfield>
  <controlfield tag="008">240331s9999    xx            000 0 und d</controlfield>
  <datafield tag="020" ind1=" " ind2=" ">
    <subfield code="a">906832134-X</subfield>
  </datafield>
  <datafield tag="082" ind1=" " ind2=" ">
    <subfield code="b">WIL</subfield>
    <subfield code="a">332</subfield>
  </datafield>
  <datafield tag="100" ind1=" " ind2=" ">
    <subfield code="a">Wilson, Westman Elizabeth</subfield>
  </datafield>
  <datafield tag="245" ind1=" " ind2="0">
    <subfield code="a">Building fundraising programs to attract community support</subfield>
  </datafield>
  <datafield tag="260" ind1=" " ind2=" ">
    <subfield code="a">The Netherlands</subfield>
    <subfield code="b">Kit publishers</subfield>
    <subfield code="c">2001</subfield>
  </datafield>
  <datafield tag="300" ind1=" " ind2=" ">
    <subfield code="a">279 p ., ( V 3)</subfield>
  </datafield>
  <datafield tag="500" ind1=" " ind2=" ">
    <subfield code="a">Fundraising events, income-generating business, donation boxes, mail and telephone campaigns, electronic fundraising, applying for local grants, and many other approaches can be used to attract support from the community. planning effective programs is emphasized, with a special focus on techniques for face- to -face appeals and ways to engage the business community.</subfield>
  </datafield>
  <datafield tag="942" ind1=" " ind2=" ">
    <subfield code="c">L</subfield>
  </datafield>
  <datafield tag="952" ind1=" " ind2=" ">
    <subfield code="0">0</subfield>
    <subfield code="1">0</subfield>
    <subfield code="4">0</subfield>
    <subfield code="7">0</subfield>
    <subfield code="8">L</subfield>
    <subfield code="a">WERCL</subfield>
    <subfield code="b">WERCL</subfield>
    <subfield code="c">SSC</subfield>
    <subfield code="d">2024-03-31</subfield>
    <subfield code="l">0</subfield>
    <subfield code="o"> 332 WIL</subfield>
    <subfield code="p">1946</subfield>
    <subfield code="r">2024-03-31</subfield>
    <subfield code="w">2024-03-31</subfield>
    <subfield code="y">L</subfield>
  </datafield>
  <datafield tag="999" ind1=" " ind2=" ">
    <subfield code="c">2752</subfield>
    <subfield code="d">2752</subfield>
  </datafield>
</record>
